000 00668nam a22001817a 4500
003 CEME
005 20210628203535.0
008 210121b xxu||||| |||| 00| 0 eng d
020 _a0-7879-6634-7
040 _c.
082 _a378.12 PAT
100 _aWulff, Donald.H, Austin, Ann. E
_966129
245 _aPaths to the professoriate, strategies for enriching the preparation of future faculty
260 _aNEW YORK
_bJOSSEY BASS
_c2004
300 _aXXXIII,300 P
650 _aCOLLEGE TEACHING- UNITED STATES, COLLEGE TEACHERS- TRAINING OF- UNITED STATES, UNIVERSITIES AND COLLEGES- UNITED STATES FACULTY. PREPARATION OF FUTURE FACULTY
_966130
942 _cBK
_2ddc
999 _c574149
_d574149